Surveying and levelling (Record no. 14789)
[ view plain ]
| 000 -LEADER | |
|---|---|
| fixed length control field | 00368nam a22001457a 4500 |
| 020 ## - INTERNATIONAL STANDARD BOOK NUMBER | |
| ISBN | 9789380358949 |
| 082 ## - DEWEY DECIMAL CLASSIFICATION NUMBER | |
| Classification number | 624.1517 |
| Item number | RAN/SU |
| 100 ## - MAIN ENTRY--AUTHOR NAME | |
| Personal name | Rangwala, S.C |
| 245 ## - TITLE STATEMENT | |
| Title | Surveying and levelling |
| 250 ## - EDITION STATEMENT | |
| Edition statement | 7th rev enlarged |
| 260 ## - PUBLICATION, DISTRIBUTION, ETC. (IMPRINT) | |
| Place of publication | Anand |
| Name of publisher | Charotar Publishing House Pvt. Ltd |
| Year of publication | 2014 |
| 300 ## - PHYSICAL DESCRIPTION | |
| Number of Pages | 664p |
| 700 ## - ADDED ENTRY--PERSONAL NAME | |
| Personal name | Dalal, Ketki B |
| 942 ## - ADDED ENTRY ELEMENTS (KOHA) | |
| Koha item type | Book Bank scheme for SC students |
| Withdrawn status | Lost status | Damaged status | Home library | Current library | Shelving location | Date acquired | Cost, normal purchase price | Full call number | Accession Number | Koha item type | Collection code | Source of acquisition |
|---|---|---|---|---|---|---|---|---|---|---|---|---|
| KAUAET | KAUAET | Scheme | 24/03/2017 | 300.00 | 624.1517 RAN/SU | BB 435 | Book Bank scheme for SC students | |||||
| KAUAET | KAUAET | Scheme | 24/03/2017 | 300.00 | 624.1517 RAN/SU | BB 436 | Book Bank scheme for SC students | |||||
| KAUAET | KAUAET | 24/03/2017 | 300.00 | 624.1517 RAN/SU | 25161 | Books | Penta Book Distributors | |||||
| KAUAET | KAUAET | 24/03/2017 | 300.00 | 624.1517 RAN/SU | 25162 | Books | Penta Book Distributors | |||||
| KAUAET | KAUAET | 24/03/2017 | 300.00 | 624.1517 RAN/SU | 25163 | Books | Penta Book Distributors | |||||
| KAUAET | KAUAET | 24/03/2017 | 300.00 | 624.1517 RAN/SU | 25164 | Books | Penta Book Distributors | |||||
| KAUAET | KAUAET | 24/03/2017 | 300.00 | 624.1517 RAN/SU | 25165 | Books | Penta Book Distributors | |||||
| KAUAET | KAUAET | Binding Shelf | 30/03/2017 | 300.00 | 624.1517 RAN/SU | 25382 | Books | Vigyan Books, Delhi | ||||
| KAUAET | KAUAET | General Stacks | 30/03/2017 | 300.00 | 624.1517 RAN/SU | 25383 | Books | Vigyan Books, Delhi | ||||
| KAUAET | KAUAET | General Stacks | 30/03/2017 | 300.00 | 624.1517 RAN/SU | 25384 | Books | Vigyan Books, Delhi | ||||
| KAUAET | KAUAET | Binding Shelf | 30/03/2017 | 300.00 | 624.1517 RAN/SU | 25385 | Books | Vigyan Books, Delhi | ||||
| KAUAET | KAUAET | General Stacks | 30/03/2017 | 300.00 | 624.1517 RAN/SU | 25386 | Books | Vigyan Books, Delhi | ||||
| KAUAET | KAUAET | Scheme | 27/07/2020 | 300.00 | 624.1517 RAN/SU | BB 554 | Book Bank scheme for SC students | General Books | Aman Book stall |
